Mystery XI #18 - Statistics

General Stats
  • This quiz has been taken 123 times
  • The average score is 6 of 11
Answer Stats
Answer % Correct
Yassine Bounou
99%
Ivan Rakitic
83%
Youssef En-Nesyri
76%
Jesus Navas
65%
Fernando
59%
Lucas Ocampos
57%
Nemanja Gudelj
51%
Loic Bade
42%
Alex Telles
27%
Oliver Torres
26%
Bryan Gil
17%
No matching quizzes found
Score Distribution
Percent of People with Each Score
Percentile by Number Answered
Your Score History
You have not taken this quiz